[Event "Mataro Vinas Memorial 13th"]
[Site "Mataro"]
[Date "2017.05.20"]
[Round "4"]
[White "Casademunt Pina, Antoni"]
[Black "Llopis Jordan, Lluis"]
[Result "0-1"]
[WhiteElo "1828"]
[BlackElo "1744"]
[PlyCount "68"]
[EventDate "2017.04.22"]
[EventType "swiss"]
[EventRounds "8"]
[EventCountry "ESP"]
[SourceTitle "CBM 187 Extra"]
[Source "ChessBase"]
[SourceDate "2018.11.04"]
[SourceVersion "1"]
[SourceVersionDate "2018.11.04"]
[SourceQuality "1"]

1. d4 c6 2. b3 d5 3. Bb2 Bf5 4. Nf3 e6 5. Nbd2 Nf6 6. e3 Nbd7 7. Nh4 Bg6 8. Nxg6 hxg6 9. Bd3 Bd6 10. h3 Qa5 11. c3 0-0-0 12. b4 Qc7 13. Qa4 Kb8 14. 0-0-0 e5 15. Kb1 e4 16. Be2 Nh5 17. Rc1 b5 18. Qa6 Qb7 19. Qxb7+ Kxb7 20. Nb3 f5 21. Na5+ Kb6 22. g3 g5 23. g4 fxg4 24. Bxg4 Nhf6 25. Be2 Rh4 26. Rcg1 Nh7 27. f3 Rg8 28. fxe4 dxe4 29. Bg4 Ndf6 30. Bf5 g6 31. Be6 Rf8 32. Bc1 Nh5 33. Rf1 Ng3 34. Rxf8 Nxh1 0-1

[Event "Catalunya-chB"]
[Site "Spain"]
[Date "1996.11.24"]
[Round "8"]
[White "Casademunt Pina, Antoni"]
[Black "Balague Orduna, Enric"]
[Result "0-1"]
[WhiteElo "2030"]
[BlackElo "1950"]
[PlyCount "126"]
[EventDate "1997.??.??"]
[EventType "swiss"]
[EventRounds "8"]
[EventCountry "ESP"]
[SourceTitle "EXT 2003"]
[Source "ChessBase"]
[SourceDate "2002.11.25"]
[SourceVersion "1"]
[SourceVersionDate "2002.11.25"]
[SourceQuality "1"]

1. d4 f5 2. c4 e6 3. Nf3 Bb4+ 4. Nc3 Bxc3+ 5. bxc3 d6 6. Bg5 Nf6 7. e3 0-0 8. Bd3 h6 9. Bh4 g5 10. Bg3 Qe7 11. 0-0 Nc6 12. Qc2 Nh5 13. h3 e5 14. e4 f4 15. Bh2 g4 16. hxg4 Bxg4 17. Be2 Qg7 18. Qd1 Nf6 19. d5 Ne7 20. Qd3 Nd7 21. Ne1 Nc5 22. Qd1 h5 23. f3 Bd7 24. Nd3 Nxd3 25. Bxd3 Kf7 26. Kf2 h4 27. Rg1 Qh6 28. Bf1 Rg8 29. Rh1 Rg7 30. Ke2 Rag8 31. Bg1 Rh8 32. Bf2 Qg5 33. Qe1 Rgh7 34. Rb1 b6 35. Ra1 Ng8 36. a4 a5 37. Kd3 Nf6 38. Rh2 Be8 39. Kd2 Nd7 40. Ra2 Ke7 41. Qb1 Nc5 42. Bxc5 dxc5 43. Qe1 Kd6 44. Qf2 Bd7 45. Ra1 Qh5 46. Ke2 Qe8 47. Kd2 Bxa4 48. Be2 Bd7 49. Bf1 Qe7 50. Rh1 Rg8 51. Rh2 Rg3 52. Ke2 Qg7 53. Kd3 h3 54. gxh3 Bxh3 55. Bxh3 Rhxh3 56. Rxh3 Rxh3 57. Rg1 Rxf3+ 58. Qxf3 Qxg1 59. Qh5 Qe3+ 60. Kc2 Qxe4+ 61. Kb2 Qg2+ 62. Ka3 Qg8 63. Qh6+ Ke7 0-1

[Event "Catalunya-chB"]
[Site "Spain"]
[Date "1996.11.10"]
[Round "6"]
[White "Bollero Romera, Alfonso"]
[Black "Casademunt Pina, Antoni"]
[Result "1-0"]
[WhiteElo "1955"]
[BlackElo "2030"]
[PlyCount "71"]
[EventDate "1997.??.??"]
[EventType "swiss"]
[EventRounds "8"]
[EventCountry "ESP"]
[SourceTitle "EXT 2003"]
[Source "ChessBase"]
[SourceDate "2002.11.25"]
[SourceVersion "1"]
[SourceVersionDate "2002.11.25"]
[SourceQuality "1"]

1. d4 d5 2. c4 c6 3. Nc3 Nf6 4. Nf3 Nbd7 5. cxd5 cxd5 6. Bg5 e6 7. e3 Bb4 8. Bd3 0-0 9. 0-0 a6 10. Rc1 b5 11. Ne5 Qb6 12. f4 Bxc3 13. bxc3 Ne4 14. Qg4 Nxe5 15. fxe5 Nxg5 16. Qxg5 Qd8 17. Qh5 h6 18. Rf4 Qg5 19. Qe2 Bd7 20. Rcf1 Rac8 21. R1f3 h5 22. Rg3 Qh6 23. Rh4 g6 24. Rxh5 Qg7 25. Rhg5 Rxc3 26. Qd2 Rfc8 27. Rxg6 Qxg6 28. Rxg6+ fxg6 29. Bxg6 Kg7 30. Bd3 b4 31. Qe2 Ra3 32. Qg4+ Kf8 33. Qf4+ Kg8 34. Qg5+ Kf8 35. Qh6+ Kg8 36. Bh7+ 1-0